Paroles - Le déserteur - Boris Vian - Statistiques

Statistiques générales
  • Ce quiz a été pris 229 fois
  • Le résultat moyen est 170 sur 209
Statistiques - réponses
Paroles % Correct
à
99%
a
99%
le
99%
de
98%
je
98%
mon
98%
des
97%
me
97%
Monsieur
97%
pas
97%
Président
97%
si
97%
une
97%
vous
97%
la
96%
ne
96%
96%
pour
96%
avez
95%
lettre
95%
lirez
95%
peut-être
95%
que
95%
temps
95%
guerre
94%
et
93%
faire
92%
ma
92%
m'a
92%
mes
92%
partir
92%
suis
92%
veux
92%
tuer
90%
en
89%
fais
89%
gens
89%
père
88%
sur
88%
terre
88%
vie
88%
frères
87%
militaires
87%
papiers
87%
pauvres
87%
j'ai
86%
viens
86%
c'est
85%
mère
85%
recevoir
85%
vu
85%
depuis
84%
m'en
84%
mourir
84%
sa
82%
vais
82%
soir
80%
avant
79%
déserter
79%
mercredi
79%
est
78%
pleurer
78%
se
78%
enfants
77%
il
77%
les
75%
tirer.
75%
dise
74%
faut
74%
décision
73%
pourront
73%
prise
73%
au
72%
qu'ils
72%
souffert
72%
tant
72%
vos
69%
tombe
68%
aux
67%
d'armes
67%
n'aurai
67%
qu'elle
67%
gendarmes
66%
moque
66%
fâcher
65%
dirai
64%
on
64%
dedans
63%
n'allez
63%
bombes
62%
France
62%
routes
62%
vers
62%
femme
60%
Provence
60%
tout
60%
passé
59%
volé
59%
bon
58%
chemins
58%
cher
58%
poursuivez
58%
âme
57%
prévenez
57%
j'irai
56%
Bretagne
55%
matin
55%
refusez
55%
s'il
55%
son
55%
demain
54%
allez
53%
mortes
52%
porte
52%
vôtre
51%
années
48%
fermerai
48%
quand
48%
sang
48%
apôtre
47%
d'obéir
46%
donner
46%
êtes
46%
nez
45%
j'étais
43%
prisonnier
43%
mendierai
30%
Aucun quiz correspondant
Distribution des résultats
% des personnes avec chaque résultat
Percentile par nombre de réponses
Votre historique - résultats
Vous n’avez pas pris ce quiz